Общия сведения по артиллерии. - Курс артиллерии для ускоренной подготовки в инструктора. Репетиция 3: Краткие сведения о вероятности, материальной части артиллерии и ручном оружии (Запись № 13479500)
[ простой вид ]
| 000 -МАРКЕР | |
|---|---|
| контрольное поле | 01210nam1a22002051 4500 |
| 001 - ИДЕНТИФИКАТОР ЗАПИСИ | |
| контрольное поле | RU\NLR\A1SV\33738 |
| 005 - ИДЕНТИФИКАТОР ВЕРСИИ | |
| контрольное поле | 20251203152403.2 |
| 035 ## - ДРУГИЕ СИСТЕМНЫЕ НОМЕРА | |
| Идентификатор записи | (NLR Aleph) 009717149 |
| 100 ## - ДАННЫЕ ОБЩЕЙ ОБРАБОТКИ | |
| Данные общей обработки | 20000630d1918 u y0rusy50 ca |
| 101 0# - ЯЗЫК РЕСУРСА | |
| Язык текста, звукозаписи и т.д. | русский |
| 200 1# - ЗАГЛАВИЕ И СВЕДЕНИЯ ОБ ОТВЕТСТВЕННОСТИ | |
| Основное заглавие | Краткие сведения о вероятности, материальной части артиллерии и ручном оружии |
| 215 ## - ФИЗИЧЕСКАЯ ХАРАКТЕРИСТИКА | |
| Специфическое обозначение материала и объем | [2], 38 с. |
| Другие сведения о физической характеристике | черт. |
| 461 #1 - УРОВЕНЬ НАБОРА | |
| Встроенное поле | 001RU\NLR\A1SV\33735 |
| -- | 2000#$aКурс артиллерии для ускоренной подготовки в инструктора$fСост. П.А.Гельвих$vРепетиция 3 |
| -- | 700#1$aГельвих$bП.А.$f1873-$gПетр Августович$4070 |
| Системный номер (АБИС) связанной записи | 9859527 |
| Автор | Гельвих, П.А. (1873-1958) |
| Место публикации | Пг. |
| Дата публикации | 1918 |
| Первые сведения об ответственности | Сост. П.А.Гельвих |
| Имя издателя, распространителя и т.д. | Лит. 2-х Сов. арт. Петрогр. команд. курсов |
| Заглавие | Общия сведения по артиллерии. - Курс артиллерии для ускоренной подготовки в инструктора |
| Номер тома | Репетиция 3 |
| 801 #0 - ИСТОЧНИК ЗАПИСИ | |
| Страна | российская федерация |
| Организация | NLR |
| Дата составления | 20000630 |
| 852 ## - МЕСТОНАХОЖДЕНИЕ И ШИФР ХРАНЕНИЯ | |
| Идентификатор организации | NLR |
| Шифр хранения (Call Number) | 17.150.7.273 |
| 942 ## - ДОПОЛНИТЕЛЬНЫЕ ЭЛЕМЕНТЫ ЗАПИСИ (АБИС) | |
| Тип экземпляра АБИС | Книга |
| 980 ## - КОЛЛЕКЦИЯ | |
| Название коллекции | Международный сводный каталог русской книги (1918-1926) |
| 980 ## - КОЛЛЕКЦИЯ | |
| Название коллекции | Национальная библиография |
Нет доступных экземпляров.